Barry Trotter and the Unnecessary Sequel / (Record no. 5057)
[ view plain ]
| 000 -LEADER | |
|---|---|
| fixed length control field | 01074nam a22002417a 4500 |
| 001 - CONTROL NUMBER | |
| control field | 5057 |
| 003 - CONTROL NUMBER IDENTIFIER | |
| control field | FISKH |
| 005 - DATE AND TIME OF LATEST TRANSACTION | |
| control field | 20241104110957.0 |
| 008 - FIXED-LENGTH DATA ELEMENTS--GENERAL INFORMATION | |
| fixed length control field | 241104b cb ||||| |||| 00| 0 eng d |
| 020 ## - INTERNATIONAL STANDARD BOOK NUMBER | |
| International Standard Book Number | 9780575075580 |
| 040 ## - CATALOGING SOURCE | |
| Original cataloging agency | FISKH |
| Language of cataloging | eng |
| Transcribing agency | FISKH |
| Modifying agency | FISKH |
| 050 ## - LIBRARY OF CONGRESS CALL NUMBER | |
| Classification number | PN6231.P3 |
| 082 ## - DEWEY DECIMAL CLASSIFICATION NUMBER | |
| Classification number | 813.6 |
| 100 ## - MAIN ENTRY--PERSONAL NAME | |
| Personal name | Gerber, Michael |
| 245 ## - TITLE STATEMENT | |
| Title | Barry Trotter and the Unnecessary Sequel / |
| Statement of responsibility, etc. | by Michael Gerber |
| 260 ## - PUBLICATION, DISTRIBUTION, ETC. | |
| Place of publication, distribution, etc. | London : |
| Name of publisher, distributor, etc. | Gollancz ; |
| Date of publication, distribution, etc. | 2003. |
| 300 ## - PHYSICAL DESCRIPTION | |
| Extent | 328 pages : |
| Other physical details | illustrations ; |
| Dimensions | 17 cm . |
| 490 ## - SERIES STATEMENT | |
| Series statement | Barry Trotter |
| Volume/sequential designation | Book 2 |
| 520 ## - SUMMARY, ETC. | |
| Summary, etc. | Barry Trotter saved the Hogwash school for Wizards from the unwelcome attentions of Hollywood in BARRY TROTTER AND THE SHAMELESS PARODY. But things move on. Barry and Ermine Cringer have got married and have had two relatively delightful children. Their eldest is a skilled magician. But the youngest doesn't seem to possess any ability at all. Have Barry and Ermine given birth to a Muddle? Maybe magic isn't everything after all . . . |
| 650 ## - SUBJECT ADDED ENTRY--TOPICAL TERM | |
| Topical term or geographic name entry element | parody |
| Form subdivision | fiction |
| 942 ## - ADDED ENTRY ELEMENTS (KOHA) | |
| Source of classification or shelving scheme | Dewey Decimal Classification |
| Koha item type | Books |
| Suppress in OPAC | No |
| Withdrawn status | Lost status | Source of classification or shelving scheme | Damaged status | Not for loan | Collection | Home library | Current library | Shelving location | Date acquired | Total Checkouts | Full call number | Barcode | Date last seen | Price effective from | Koha item type |
|---|---|---|---|---|---|---|---|---|---|---|---|---|---|---|---|
| Dewey Decimal Classification | Fiction | Footprints International School Library Network Toul Kork Campus | Footprints International School Library Network Toul Kork Campus | TTP Secondary Fiction Bookshelves | 11/04/2024 | GER 813.6 PN6231.P3 | FISSE03135 | 11/04/2024 | 11/04/2024 | Books |
